| 000 | 02730nas1a22003851i 4500 | ||
|---|---|---|---|
| 001 | RU\NLR\INFOCOMM16\1000043521 | ||
| 005 | 20260406192459.0 | ||
| 035 | _a(NLR Aleph) 002455716 | ||
| 090 |
_a2205404 _c2205404 |
||
| 100 | _a20040315a19829999|||y0rusy50 ca | ||
| 101 | 0 | _arus | |
| 102 | _aRU | ||
| 110 | _azyu||||0|y0 | ||
| 200 | 1 |
_aТруды Научно-исследовательского семинара Логического центра Института философии РАН _dProceedings of the Research logical seminar of Institute of philosophy, Russian academy of sciences _fРос. акад. наук, Ин-т философии, Обществ. ин-т логики, когнитологии и развития личности |
|
| 210 |
_aМ. _d1982- |
||
| 300 | _aНадзаг. также на англ. яз. | ||
| 510 | 1 |
_aProceedings of the Research logical seminar of Institute of philosophy, Russian academy of sciences _zeng |
|
| 517 | 1 | _aТруды Научно-исследовательского семинара по логике Института философии АН СССР | |
| 710 | 0 | 2 |
_4070 _aИнститут философии _cМосква _bНаучно-исследовательский семинар по логике _3RU\NLR\AUTH\889954993 _9406016 |
| 711 | 0 | 2 |
_8eng _aInstitute of philosophy _cMoscow _bResearch logical seminar _7ba _3RU\NLR\AUTH\889948264 _9392131 |
| 801 | 2 |
_aRU _bNLR _c20081007 _2rusmarc |
|
| 801 | 1 |
_aRU _bInfoComm _c20040315 |
|
| 801 | 0 |
_aRU _bNLR _gPSBO |
|
| 852 |
_aNLR _jП25/232 |
||
| 942 | _cSE | ||
| 980 | _aRUSPER | ||